|
|
|
|
| LEADER |
01375nam a22002777a 4500 |
| 001 |
39001 |
| 003 |
BD-DhAAL |
| 008 |
220622t2020 xxua|||| b||| 00| 0 eng d |
| 999 |
|
|
|c 44455
|d 44455
|
| 020 |
|
|
|a 9798661240071
|
| 040 |
|
|
|a BD-DhAAL
|c BD-DhAAL
|
| 082 |
|
|
|a 005.133
|2 23
|
| 100 |
|
|
|a Campbell, Alex
|9 49612
|
| 245 |
|
|
|a Python machine learning :
|b Complete and clear introduction to the basics of machine learning with python. Comprehensive guide to data science and analytics /
|c Alex Campbell.
|
| 260 |
|
|
|a United States :
|b [publisher not identified],
|c 2020.
|
| 300 |
|
|
|a 102 pages :
|b illustrations ;
|c 23 cm.
|
| 504 |
|
|
|a Includes bibliographical references (page 102).
|
| 526 |
|
|
|a CSE
|
| 541 |
|
|
|a R K Corporation
|e 39001, 39002
|
| 650 |
|
|
|a Python (Computer program language).
|9 49613
|
| 650 |
|
|
|a Machine learning.
|9 49614
|
| 650 |
|
|
|a Computer science.
|9 49615
|
| 852 |
|
|
|a Ayesha Abed Library
|c General Stacks
|
| 942 |
|
|
|2 ddc
|c BK
|
| 952 |
|
|
|0 0
|1 0
|2 ddc
|4 0
|6 005_133000000000000_CAM
|7 0
|9 71075
|a BRACUL
|b BRACUL
|c GEN
|d 2022-06-21
|e R K Corporation
|g 2550.00
|l 7
|m 48
|o 005.133 CAM
|p 3010039001
|q 2026-06-02
|r 2026-01-18
|s 2026-01-18
|t 1
|v 2550.00
|w 2022-06-21
|y BK
|
| 952 |
|
|
|0 0
|1 0
|2 ddc
|4 0
|6 005_133000000000000_CAM
|7 0
|9 71076
|a BRACUL
|b BRACUL
|c GEN
|d 2022-06-21
|e R K Corporation
|g 2550.00
|l 14
|m 52
|o 005.133 CAM
|p 3010039002
|q 2026-06-02
|r 2026-03-09
|s 2026-03-09
|t 2
|v 2550.00
|w 2022-06-21
|y BK
|